| 000 | 01244nam a22002177a 4500 | ||
|---|---|---|---|
| 999 |
_c63174 _d63174 |
||
| 003 | Ge_BSU | ||
| 005 | 20250618130132.0 | ||
| 008 | 250618s2023 ge ||||| |||| 00| 0 geo d | ||
| 020 | _a9789941344312 | ||
| 041 | _ageo | ||
| 080 | _a327.7: 341.1 გ-43 | ||
| 100 |
_aგეფერიძე, დავით _92831 |
||
| 245 |
_aთანამედროვე საერთაშორისო ორგანიზაციების სამართალი : _b[სახელმძღვანელო] / _cდავით გეფერიძე, ავთანდილ ხაზალია; რედაქტორი ირინე ქურდაძე. |
||
| 264 |
_aთბილისი : _bმერიდიანი, _c2023. |
||
| 300 |
_a444 გვ. ; _b20 სმ. |
||
| 504 | _aბიბლიოგრაფია ტექსტის შენიშნებში. | ||
| 653 | _aსაერთაშორისო ორგანიზაციების სამართალი | ||
| 700 |
_aხაზალია, ავთანდილ _eავტორი _99367 |
||
| 700 |
_aქურდაძე, ირინე _eრედაქტორი _917030 |
||
| 942 |
_2udc _cᲬᲘᲒᲜᲘ |
||